Hydraulic machines (in MKS units). (Record no. 77375)

MARC details
000 -LEADER
fixed length control field 00557nam a22002051 4500
001 - CONTROL NUMBER
control field sa 68000665
003 - CONTROL NUMBER IDENTIFIER
control field DLC
005 - DATE AND TIME OF LATEST TRANSACTION
control field 20260227112426.0
008 - FIXED-LENGTH DATA ELEMENTS--GENERAL INFORMATION
fixed length control field 710901s1967 ii a b 00000 eng
010 ## - LIBRARY OF CONGRESS CONTROL NUMBER
LC control number sa 68000665
050 0# - LIBRARY OF CONGRESS CALL NUMBER
Classification number TJ840
Item number .L3 1967
082 ## - DEWEY DECIMAL CLASSIFICATION NUMBER
Classification number 621.2
100 10 - MAIN ENTRY--PERSONAL NAME
Personal name Lal, Jagdish.
245 10 - TITLE STATEMENT
Title Hydraulic machines (in MKS units).
250 ## - EDITION STATEMENT
Edition statement [4th ed., rev. & enl.]
260 0# - PUBLICATION, DISTRIBUTION, ETC.
Place of publication, distribution, etc. Delhi,
Name of publisher, distributor, etc. Metropolitan Book Co.
Date of publication, distribution, etc. [1967]
300 ## - PHYSICAL DESCRIPTION
Extent xx, 631 p.
Other physical details illus.
Dimensions 25 cm.
504 ## - BIBLIOGRAPHY, ETC. NOTE
Bibliography, etc. note Bibliography: p. 617-618.
650 #0 - SUBJECT ADDED ENTRY--TOPICAL TERM
Topical term or geographic name entry element Hydraulic machinery.

No items available.

Powered by Koha